00354 a2200097 4500001001000000005001700010008004100027245010400068100002800172773005600200ART_5990720260410161801.0260409a 10aTribunal fiscal de la nación: la prejudicialidad y la secuencia temporal lógica de los procesos1 aGarcia Sinagra, Claudio0 tDoctrina tributariag- N° 525 (dic. 2023)wREV4296